Indovina l'animale dall'immagine #difficile - Statistics

Statistiche generali
  • Questo quiz è stato fatto 138 volte
  • Il punteggio medio è 5 su 16
Statistiche sulle risposte
con Immagini Risposta % Corretto
fenicottero
96%
lemure
90%
axolotl
63%
bue muschiato
30%
tardigrado
30%
granchio del cocco
29%
squalo goblin
26%
tarsio
23%
drago blu
13%
formica panda
13%
sula piediazzurri
13%
topo canguro
11%
Diavolo spinoso
9%
armadillo rosa
6%
dragone foglia
4%
uacari calvo
4%
Nessun quiz corrispondente trovato
Distribuzione punteggi
Percentuale di utenti per punteggio
Percentile per numero di risposta
I tuoi punteggi nel tempo
Non hai fatto questo quiz